Eu como (Record no. 43234)
[ view plain ]
| 000 -Etiqueta do registo | |
|---|---|
| Valores | 00374nam a2200169 4500 |
| 100 ## - Dados gerais de processamento | |
| Dados gerais | 20240617 pory50 |
| 101 ## - Língua de publicação | |
| Língua | por |
| 102 ## - País de publicação | |
| País | PT |
| 200 ## - Titulo e menção de responsabilidade | |
| Título próprio | Eu como |
| Primeira menção de responsabilidade | Warner Bros |
| 210 ## - Publicação | |
| Local de publicação | [S.l.] |
| Nome do editor | B&F grupo |
| Data de publicação | [cop. 2006] |
| 215 ## - Descrição física | |
| Paginação / Volumes | [14] p. |
| Outras indicações físicas | il. |
| 225 ## - Colecção | |
| Título próprio da colecção | Baby Looney Tunes |
| 675 ## - CDU | |
| Notação | 82-93 |
| 801 ## - Fonte de origem | |
| País | PT |
| Regras de catalogação | RPC |
| 990 ## - Elementos KOHA | |
| Tipo de documento | Livro |
| Aquisição | Empréstimo | Código de barras | Cota | Permissão de empréstimo | Tipo de documento |
|---|---|---|---|---|---|
| Biblioteca do Centro Escolar de Redondo | Biblioteca do Centro Escolar de Redondo | 80042 | 82-93 BRO LIT. INF. JUV. | Livro |